[Event "Greifswald Springer op"]
[Site "Greifswald"]
[Date "2022.10.08"]
[Round "1"]
[White "Ahmed Ibrahim, Labed"]
[Black "Schenk, Rafael"]
[Result "0-1"]
[WhiteElo "1596"]
[BlackElo "1894"]
[PlyCount "70"]
[EventDate "2022.10.08"]
[EventType "swiss"]
[EventRounds "7"]
[EventCountry "GER"]
[SourceTitle "CBM 210 Extra"]
[Source "ChessBase"]
[SourceDate "2022.11.30"]
[SourceVersion "1"]
[SourceVersionDate "2022.11.30"]
[SourceQuality "1"]

1. c4 c5 2. Nc3 Nc6 3. g3 g6 4. Bg2 Bg7 5. e3 e5 6. Nge2 Nge7 7. 0-0 0-0 8. b3 a6 9. Bb2 Rb8 10. a4 d6 11. Nd5 b5 12. axb5 axb5 13. cxb5 Rxb5 14. Nec3 Rb8 15. Nxe7+ Nxe7 16. Qc2 Be6 17. b4 cxb4 18. Ne4 Qb6 19. Qd3 d5 20. Ng5 Bf5 21. Qb3 Qb5 22. e4 dxe4 23. Bxe4 h6 24. Bxf5 Nxf5 25. Nf3 e4 26. Bxg7 Kxg7 27. Qb2+ Kg8 28. Nd4 Qe5 29. f4 Qxd4+ 30. Qxd4 Nxd4 31. Ra4 Rfd8 32. Rf2 b3 33. Ra1 b2 34. Rb1 Nf3+ 35. Kg2 Rxd2 0-1

[Event "Berlin Werner Ott op"]
[Site "Berlin"]
[Date "2018.07.03"]
[Round "4"]
[White "Heerde, Thomas"]
[Black "Schenk, Rafael"]
[Result "1-0"]
[WhiteElo "2010"]
[BlackElo "1791"]
[PlyCount "73"]
[EventDate "2018.06.30"]
[EventType "swiss"]
[EventRounds "9"]
[EventCountry "GER"]
[SourceTitle "CBM 185 Extra"]
[Source "ChessBase"]
[SourceDate "2018.07.29"]
[SourceVersion "1"]
[SourceVersionDate "2018.07.29"]
[SourceQuality "1"]

1. Nf3 Nf6 2. g3 g6 3. Bg2 Bg7 4. 0-0 0-0 5. d3 d6 6. c3 c5 7. a3 a5 8. a4 Na6 9. Na3 Rb8 10. e4 Nc7 11. Nc4 b6 12. e5 Nfe8 13. Re1 d5 14. Ne3 b5 15. axb5 Nxb5 16. Qa4 d4 17. cxd4 Nxd4 18. Nxd4 cxd4 19. Nc4 Bf5 20. Nxa5 Qc7 21. Qa3 Bxe5 22. Rxe5 Qxe5 23. Bf4 Qb5 24. Nc6 Rb6 25. Nxe7+ Kg7 26. Nxf5+ gxf5 27. h4 Qxb2 28. Bh6+ Kxh6 29. Qxf8+ Kg6 30. h5+ Kxh5 31. Qxf7+ Kh6 32. Ra7 Qc1+ 33. Kh2 Nf6 34. Qg7+ Kh5 35. Bf3+ Ng4+ 36. Bxg4+ fxg4 37. Ra5+ 1-0